Countries Marilyn Manson has Visited - Statistics

General Stats
  • This quiz has been taken 62 times
    19 since last reset
  • The average score is 37 of 45
Answer Stats
Continent Country % Correct
Oceania Australia
100%
North America Canada
100%
Europe France
100%
Asia Japan
100%
Asia/ Europe Russia
100%
Europe Spain
100%
Europe United Kingdom
100%
North America United States of America
100%
Europe Czech Republic
93%
Europe Germany
93%
Europe Italy
93%
North America Mexico
93%
Europe Poland
93%
Europe Portugal
93%
Europe Slovakia
93%
Europe Sweden
93%
South America Argentina
86%
Europe Austria
86%
South America Brazil
86%
South America Chile
86%
Europe Finland
86%
Europe Ireland
86%
Asia South Korea
86%
Europe the Netherlands
86%
Europe Ukraine
86%
Europe Belgium
79%
South America Colombia
79%
Europe Denmark
79%
Europe Greece
79%
Europe Norway
79%
Europe Serbia
79%
Europe Slovenia
79%
South America Ecuador
71%
Europe Hungary
71%
Europe Latvia
71%
Europe Lithuania
71%
Europe Switzerland
71%
Asia/ Europe Turkey
71%
Europe Belarus
64%
Europe Estonia
64%
Oceania New Zealand
64%
Europe Romania
64%
Europe Bulgaria
57%
Europe Luxembourg
57%
Asia Taiwan
43%
No matching quizzes found
Score Distribution
Percent of People with Each Score
Percentile by Number Answered
Your Score History
You have not taken this quiz since the last reset